Loi de Le Chatelier - Statistiques

Statistiques générales
  • Ce quiz a été pris 6 fois
  • Le résultat moyen est 7 sur 21
Statistiques - réponses
Hint Réponse % Correct
basse pression
80%
basse pression
60%
haute pression
60%
haute pression
60%
basse pression
40%
basse pression
40%
basse pression
40%
basse pression
40%
haute pression
40%
haute pression
40%
haute pression
40%
peu importe
40%
basse pression
20%
basse pression
20%
basse pression
20%
basse pression
20%
haute pression
20%
peu importe
20%
peu importe
20%
haute pression
0%
peu importe
0%
Aucun quiz correspondant
Distribution des résultats
% des personnes avec chaque résultat
Percentile par nombre de réponses
Votre historique - résultats
Vous n’avez pas pris ce quiz